[Event "26th WSCC 2016 Open 65+"]
[Site "Marianske Lazne, Czech Republic - Hotel Cristal and Continental"]
[Date "2016.11.26"]
[Round "7.123"]
[White "Pihlajamaki, Antti"]
[Black "Dvorak, Pavel"]
[Result "1-0"]
[WhiteElo "1848"]
[BlackElo "1753"]
[PlyCount "47"]
[EventDate "2016.11.19"]

1. e4 c5 2. Nc3 Nc6 3. Nf3 e6 4. Bb5 Nf6 5. O-O a6 6. Bxc6 bxc6 7. e5 Nd5 8.
Ne4 Qc7 9. d3 d6 10. c4 Nb6 11. Bf4 d5 12. Ned2 Be7 13. Re1 Bb7 14. Qc2 h6 15.
h4 Nd7 16. d4 Rc8 17. b4 cxd4 18. c5 a5 19. a3 Ba6 20. Nxd4 Bxh4 21. N2f3 Be7
22. Nxe6 fxe6 23. Qg6+ Kf8 24. Nd4 1-0

[Event "26th WSCC 2016 Open 65+"]
[Site "Marianske Lazne, Czech Republic - Hotel Cristal and Continental"]
[Date "2016.11.26"]
[Round "7.124"]
[White "Birkestrand, Odd"]
[Black "Haupt, Joachim"]
[Result "1-0"]
[WhiteElo "1703"]
[BlackElo "1812"]
[PlyCount "64"]
[EventDate "2016.11.19"]

1. e4 c5 2. c3 Nf6 3. e5 Nd5 4. Nf3 Nc6 5. d4 cxd4 6. cxd4 d6 7. Be2 e6 8. O-O
Be7 9. Bc4 Nb6 10. Bb3 O-O 11. Nc3 Nd7 12. Bf4 dxe5 13. dxe5 Qa5 14. Qe2 a6 15.
Bc2 b5 16. Qe4 f5 17. Qxc6 Nc5 18. Nd5 exd5 19. Qxd5+ Be6 20. Qd2 Qc7 21. Rfc1
Rad8 22. Qe3 Qb6 23. b4 Nd7 24. a3 Qb7 25. Nd4 Bd5 26. Bb3 Kh8 27. e6 Nf6 28.
Rc7 Ng4 29. Rxb7 Nxe3 30. Rxe7 Bxb3 31. Nxb3 Nd5 32. Ra7 Nxf4 1-0

[Event "26th WSCC 2016 Open 65+"]
[Site "Marianske Lazne, Czech Republic - Hotel Cristal and Continental"]
[Date "2016.11.26"]
[Round "7.125"]
[White "Svoboda, Zdenek"]
[Black "Gutt, Gregory"]
[Result "1-0"]
[WhiteElo "1659"]
[BlackElo "1766"]
[PlyCount "42"]
[EventDate "2016.11.19"]

1. e4 e5 2. Nf3 Nc6 3. Bc4 Nf6 4. Ng5 d5 5. exd5 Nd4 6. d6 Qxd6 7. Bxf7+ Ke7 8.
c3 Ne6 9. Bxe6 Bxe6 10. O-O h6 11. Nxe6 Kxe6 12. Re1 Rd8 13. d4 Kf7 14. Qb3+
Qd5 15. Rxe5 Qxb3 16. axb3 Bd6 17. Rf5 g6 18. Rf3 a6 19. Bf4 Bxf4 20. Rxf4 Rhe8
21. Kf1 g5 1-0

[Event "26th WSCC 2016 Open 65+"]
[Site "Marianske Lazne, Czech Republic - Hotel Cristal and Continental"]
[Date "2016.11.26"]
[Round "7.126"]
[White "Scholtyssek, Werner"]
[Black "Nielsen, Peter"]
[Result "1-0"]
[WhiteElo "1734"]
[BlackElo "1713"]
[PlyCount "121"]
[EventDate "2016.11.19"]

1. c4 c5 2. g3 g6 3. Bg2 Bg7 4. Nf3 Nc6 5. a3 d6 6. O-O e5 7. Nc3 Nge7 8. Rb1
a5 9. d3 O-O 10. Bg5 f6 11. Bd2 Be6 12. Ne1 Bf7 13. Nc2 d5 14. cxd5 Nxd5 15.
Ne3 Nxc3 16. bxc3 Rb8 17. Qa4 Qd7 18. Rb6 Rfc8 19. Rfb1 Bf8 20. c4 f5 21. Nd5
Kg7 22. Qb5 Bd6 23. Qa4 Be6 24. Bg5 h6 25. Bd2 g5 26. Nc3 f4 27. Ne4 Be7 28.
Qd1 Bd8 29. Nxc5 Qe7 30. Nxe6+ Qxe6 31. Rxb7+ Rxb7 32. Rxb7+ Rc7 33. Rxc7+ Bxc7
34. Bxc6 Qxc6 35. Bc3 fxg3 36. hxg3 Kg6 37. Qd2 a4 38. Qe3 Qb7 39. Qe4+ Qxe4
40. dxe4 Bd6 41. Bb2 Kf7 42. Kg2 Ke6 43. g4 Kd7 44. Kf3 Ke6 45. Ke3 Bc5+ 46.
Kd3 Kd6 47. e3 Ke6 48. Kd2 Kd6 49. Kd3 Ke6 50. f3 Bd6 51. c5 Bxc5 52. Kc4 Bxe3
53. Kb4 Bd4 54. Bc1 Kd6 55. Kxa4 Kc6 56. Bd2 Kb6 57. Bb4 Ba1 58. Bf8 Bd4 59.
Bxh6 Be3 60. Bg7 Bd4 61. Bf6 1-0

[Event "26th WSCC 2016 Open 65+"]
[Site "Marianske Lazne, Czech Republic - Hotel Cristal and Continental"]
[Date "2016.11.26"]
[Round "7.128"]
[White "Weyand, Fernand"]
[Black "Schramek, Kurt"]
[Result "1-0"]
[WhiteElo "1816"]
[BlackElo "1602"]
[PlyCount "115"]
[EventDate "2016.11.19"]

1. e4 c5 2. Nc3 Nc6 3. f4 g6 4. Nf3 Bg7 5. Bb5 Nd4 6. Nxd4 cxd4 7. Ne2 Qb6 8.
a4 a6 9. Bc4 e6 10. d3 Ne7 11. O-O O-O 12. Bb3 d5 13. e5 Bd7 14. Qe1 f6 15. Qh4
Nf5 16. Qh3 Rad8 17. g4 Ne3 18. Bxe3 dxe3 19. d4 fxe5 20. fxe5 Qb4 21. Qxe3 b5
22. Qc3 Qe7 23. Rxf8+ Rxf8 24. Qe3 Qh4 25. Qg3 Qxg3+ 26. Nxg3 Bh6 27. c3 Be3+
28. Kh1 Rf2 29. Rb1 bxa4 30. Ba2 Bb5 31. Re1 Bf4 32. c4 dxc4 33. Ne4 Kf8 34.
Nxf2 Bd2 35. Rd1 Be3 36. Kg1 Ke7 37. Bb1 a3 38. bxa3 Ba4 39. Re1 Bxd4 40. Re4
Ba7 41. Rxc4 Bd7 42. Be4 Bb6 43. Kg2 a5 44. Bc6 Bc8 45. Ne4 Ba6 46. Ra4 Bd3 47.
Kf3 Bc2 48. Rc4 Bb3 49. Rc1 Bd4 50. Rb1 a4 51. Kf4 h6 52. g5 hxg5+ 53. Nxg5 Bc5
54. Ra1 Bd4 55. Rb1 Bc5 56. Ne4 Bxa3 57. Bxa4 Bxa4 58. Ra1 1-0

[Event "26th WSCC 2016 Open 65+"]
[Site "Marianske Lazne, Czech Republic - Hotel Cristal and Continental"]
[Date "2016.11.26"]
[Round "7.129"]
[White "Tveten, Per"]
[Black "Hasberger, Walter"]
[Result "0-1"]
[WhiteElo "1523"]
[BlackElo "1739"]
[PlyCount "96"]
[EventDate "2016.11.19"]

1. e4 e6 2. Nf3 d5 3. d3 dxe4 4. dxe4 Qxd1+ 5. Kxd1 Nc6 6. Be3 Nf6 7. Nbd2 Bb4
8. c3 Ba5 9. Kc2 O-O 10. Rd1 Bb6 11. Nd4 Bd7 12. Bd3 Nxd4+ 13. Bxd4 Bxd4 14.
cxd4 Bc6 15. f3 Rfd8 16. Nb3 Ba4 17. Be2 Rac8 18. Rd3 b6 19. Rhd1 Rd7 20. R1d2
h6 21. Kb1 Rcd8 22. Nc1 Bb5 23. Rb3 Bxe2 24. Nxe2 c5 25. e5 Nd5 26. a3 c4 27.
Rb5 a6 28. Rxd5 Rxd5 29. f4 b5 30. Rc2 Rc8 31. b4 f6 32. Rc3 fxe5 33. fxe5 Rd7
34. Kc2 Rf8 35. Rf3 Rxf3 36. gxf3 Kf7 37. Kc3 Kg6 38. f4 Kf5 39. Kd2 Ke4 40. h4
g6 41. Ke1 Rxd4 42. Nxd4 Kxd4 43. Kd2 h5 44. Kc2 c3 45. Kb3 Kd3 46. a4 Kd2 47.
axb5 axb5 48. f5 gxf5 0-1

[Event "26th WSCC 2016 Open 65+"]
[Site "Marianske Lazne, Czech Republic - Hotel Cristal and Continental"]
[Date "2016.11.26"]
[Round "7.130"]
[White "Kympergr, Vojtech"]
[Black "Benes, Karel"]
[Result "0-1"]
[WhiteElo "1506"]
[BlackElo "1700"]
[PlyCount "80"]
[EventDate "2016.11.19"]

1. e4 c5 2. Nf3 Nc6 3. d4 cxd4 4. Nxd4 Nf6 5. Nc3 e5 6. Nxc6 bxc6 7. Bg5 Be7 8.
Bxf6 gxf6 9. Bc4 h5 10. Qf3 d6 11. O-O-O Bg4 12. Qg3 Bxd1 13. Rxd1 Rb8 14. Qg7
Rf8 15. Bb3 Qb6 16. Rd2 a5 17. a4 Qa6 18. Rd1 Rb4 19. Qh7 Qb6 20. Rd2 Rxb3 21.
cxb3 Qxb3 22. Qxh5 Qc4 23. Qe2 Qxe2 24. Rxe2 Kd7 25. f3 Ke6 26. g4 Rh8 27. Nd1
d5 28. exd5+ cxd5 29. f4 Rc8+ 30. Kd2 e4 31. f5+ Ke5 32. h4 Bb4+ 33. Ke3 d4+
34. Kf2 Rc1 35. Ne3 dxe3+ 36. Kxe3 Rh1 37. h5 Bc5+ 38. Kd2 Kf4 39. Rg2 Kf3 40.
Re2 Bb4+ 0-1

[Event "26th WSCC 2016 Open 65+"]
[Site "Marianske Lazne, Czech Republic - Hotel Cristal and Continental"]
[Date "2016.11.26"]
[Round "7.131"]
[White "Brda, Vlastimil"]
[Black "Zikavsky, Rudolf"]
[Result "0-1"]
[WhiteElo "1234"]
[BlackElo "1632"]
[PlyCount "84"]
[EventDate "2016.11.19"]

1. d4 Nf6 2. c4 e6 3. Nc3 Bb4 4. Bd2 b6 5. f3 Bb7 6. Bg5 Be7 7. Nh3 h6 8. Be3
d5 9. b3 Nbd7 10. Bf2 c5 11. e3 Bd6 12. Nb5 Bb8 13. Rc1 a6 14. Na3 Bd6 15. Nc2
Qc7 16. g3 cxd4 17. Nxd4 Bb4+ 18. Ke2 a5 19. cxd5 Ba6+ 20. Rc4 Bxc4+ 21. bxc4
Qxc4+ 22. Qd3 Qxd3+ 23. Kxd3 Nxd5 24. e4 N5f6 25. Nc2 Bc5 26. Be1 Rc8 27. Kd2
O-O 28. Bb5 Ne5 29. a4 Nxf3+ 30. Ke2 Nxe1 31. Rxe1 Nxe4 32. Kf3 Nc3 33. Nf2
Nxb5 34. Ne4 Nd4+ 35. Nxd4 Bxd4 36. Nd6 Rc2 37. h4 Bc5 38. Ne4 Rc4 39. Nxc5
Rxc5 40. Rb1 Rb8 41. Kg4 Rc4+ 42. Kh3 Rxa4 0-1

[Event "26th WSCC 2016 Open 65+"]
[Site "Marianske Lazne, Czech Republic - Hotel Cristal and Continental"]
[Date "2016.11.27"]
[Round "8.1"]
[White "Komljenovic, Davorin"]
[Black "Vaisser, Anatoly"]
[Result "1/2-1/2"]
[WhiteElo "2375"]
[BlackElo "2505"]
[PlyCount "102"]
[EventDate "2016.??.??"]
[WhiteClock "0:10:50"]
[BlackClock "0:14:43"]

1. c4 e6 2. Nf3 Nf6 3. g3 d5 4. Bg2 Be7 5. O-O c5 6. cxd5 Nxd5 7. d4 cxd4 8.
Nxd4 O-O 9. Nc3 Nxc3 10. bxc3 e5 11. Nb3 Qc7 12. Bb2 Bd7 13. c4 Nc6 14. Qc1 a5
15. Qe3 f6 16. Nc5 Bc8 17. Bd5+ Kh8 18. Ne6 Bxe6 19. Bxe6 Nb4 20. Qe4 Ra6 21.
Bd5 Rb6 22. Rfc1 Nxd5 23. cxd5 Qd7 24. Rc2 Rb4 25. Qd3 e4 26. Qd2 Rb5 27. Rd1
Bd6 28. Rc4 Re8 29. Qc2 Rb4 30. Rdd4 f5 31. Bc3 Rxc4 32. Rxc4 Qb5 33. Be1 Qxd5
34. Rc8 Qe6 35. Rxe8+ Qxe8 36. Bxa5 h6 37. Qc4 Qg8 38. Qc2 Qd5 39. Bb6 Kh7 40.
a4 Be5 41. Be3 Kg6 42. Kg2 Kf6 43. Qc8 Bd4 44. Qf8+ Kg6 45. Qe8+ Kf6 46. Bxd4+
Qxd4 47. Qb5 b6 48. e3 Qd6 49. h4 Qe6 50. Qb2+ Kg6 51. Qd4 h5 1/2-1/2

[Event "26th WSCC 2016 Open 65+"]
[Site "Marianske Lazne, Czech Republic - Hotel Cristal and Continental"]
[Date "2016.11.27"]
[Round "8.3"]
[White "Pushkov, Nikolai"]
[Black "Bogdanov, Valentin"]
[Result "1/2-1/2"]
[WhiteElo "2325"]
[BlackElo "2385"]
[PlyCount "110"]
[EventDate "2016.??.??"]
[WhiteClock "0:49:14"]
[BlackClock "0:29:50"]

1. Nf3 Nf6 2. c4 g6 3. Nc3 d5 4. cxd5 Nxd5 5. Qb3 Nb6 6. d4 Bg7 7. Bf4 O-O 8.
e3 Nc6 9. Rd1 Bg4 10. Be2 a5 11. O-O a4 12. Qa3 Nd5 13. Nxd5 Qxd5 14. Bxc7 b5
15. Qd3 Rfc8 16. Bg3 Qxa2 17. Qxb5 Na7 18. Qb7 a3 19. Rd2 Nc6 20. bxa3 Qxa3 21.
Qb2 Qa5 22. h3 Bf5 23. Rc1 Be4 24. Kh2 h6 25. Rdd1 Bd5 26. Bc4 Nxd4 27. Nxd4
Bxc4 28. Ra1 Qd5 29. Rxa8 Rxa8 30. Rc1 Kh7 31. Qb4 Ba2 32. Qxe7 Bxd4 33. exd4
Qxd4 34. Rc7 Qd8 35. Qe3 Rc8 36. Rb7 Qd5 37. Rb2 Bc4 38. Rd2 Qe6 39. Qd4 Ba6
40. Qa7 Bc4 41. Qd4 Qf5 42. Bd6 Be6 43. Bg3 g5 44. Rb2 Rc4 45. Qd8 h5 46. Rb8
Rc8 47. Rxc8 Bxc8 48. h4 Bb7 49. hxg5 Qd5 50. Qxd5 Bxd5 51. f3 Kg6 52. Bh4 Ba2
53. Kg3 Bb1 54. Kf4 Bc2 55. Ke5 Bb1 1/2-1/2

[Event "26th WSCC 2016 Open 65+"]
[Site "Marianske Lazne, Czech Republic - Hotel Cristal and Continental"]
[Date "2016.11.27"]
[Round "8.5"]
[White "Maryasin, Boris"]
[Black "Kakageldyev, Amanmurad"]
[Result "1-0"]
[WhiteElo "2331"]
[BlackElo "2373"]
[PlyCount "99"]
[EventDate "2016.??.??"]
[WhiteClock "0:57:15"]
[BlackClock "0:03:22"]

1. e4 g6 2. d4 Bg7 3. Nc3 d6 4. Be3 Nf6 5. Qd2 c6 6. Nf3 O-O 7. Bh6 Qa5 8. Bxg7
Kxg7 9. Bd3 e5 10. O-O Bg4 11. dxe5 dxe5 12. b4 Qc7 13. Qe3 Bxf3 14. Qxf3 Nbd7
15. Bc4 b5 16. Bb3 Qd6 17. a4 a6 18. Na2 Rfd8 19. Rad1 Qe7 20. c4 bxc4 21. Bxc4
Nb6 22. Bb3 a5 23. Rxd8 Qxd8 24. bxa5 Rxa5 25. Rd1 Qe7 26. Qc3 Qc5 27. Qxc5
Rxc5 28. f3 Nfd7 29. Kf2 Kf8 30. Nb4 Rc3 31. Rd3 Rxd3 32. Nxd3 Ke7 33. a5 Nc8
34. Ke3 f5 35. f4 exf4+ 36. Kxf4 fxe4 37. Kxe4 Kd6 38. Kf4 h6 39. h4 Nf6 40. a6
Nd5+ 41. Bxd5 Kxd5 42. g4 c5 43. Nxc5 g5+ 44. hxg5 hxg5+ 45. Kxg5 Kxc5 46. Kf6
Kc6 47. Ke6 Nb6 48. a7 Na8 49. g5 Nc7+ 50. Kf7 1-0

[Event "26th WSCC 2016 Open 65+"]
[Site "Marianske Lazne, Czech Republic - Hotel Cristal and Continental"]
[Date "2016.11.27"]
[Round "8.6"]
[White "Werner, Clemens"]
[Black "Harandi, Khosro"]
[Result "1/2-1/2"]
[WhiteElo "2325"]
[BlackElo "2354"]
[PlyCount "72"]
[EventDate "2016.??.??"]
[WhiteClock "0:36:55"]
[BlackClock "0:13:26"]

1. e4 e5 2. Nf3 Nc6 3. Bc4 Bc5 4. c3 Nf6 5. d3 a6 6. O-O d6 7. Bb3 Ba7 8. Re1
h6 9. Be3 O-O 10. Nbd2 Be6 11. Bxa7 Rxa7 12. d4 Bg4 13. h3 Bh5 14. dxe5 Nxe5
15. Qe2 Ra8 16. Qe3 Nxf3+ 17. Nxf3 Re8 18. Qf4 Bxf3 19. Qxf3 Re5 20. Re3 Qe7
21. Rae1 Re8 22. Ba4 c6 23. Bc2 Qc7 24. b4 a5 25. a3 c5 26. b5 c4 27. a4 Qc5
28. Qd1 Nd7 29. Qd4 Qxd4 30. cxd4 R5e6 31. f4 Nb6 32. Kf2 f6 33. Bd1 R6e7 34.
h4 g6 35. Bc2 Kg7 36. g3 Rc7 1/2-1/2

[Event "26th WSCC 2016 Open 65+"]
[Site "Marianske Lazne, Czech Republic - Hotel Cristal and Continental"]
[Date "2016.11.27"]
[Round "8.7"]
[White "Renman, Nils-Gustaf"]
[Black "Boehnisch, Manfred"]
[Result "1/2-1/2"]
[WhiteElo "2352"]
[BlackElo "2297"]
[PlyCount "49"]
[EventDate "2016.??.??"]
[WhiteClock "0:21:20"]
[BlackClock "0:36:19"]

1. d4 d5 2. Nf3 Nf6 3. c4 c6 4. e3 Bf5 5. Nc3 e6 6. Qb3 Qb6 7. c5 Qc7 8. Nh4
Bg6 9. Nxg6 hxg6 10. f4 b6 11. cxb6 axb6 12. Bd2 c5 13. Qd1 Nc6 14. b3 Qb7 15.
Nb5 Ne4 16. Qf3 Be7 17. Bd3 cxd4 18. Bxe4 dxe4 19. Qxe4 dxe3 20. Bxe3 Rh5 21.
Nd4 Rd5 22. Nxc6 Qxc6 23. O-O Rd6 24. Qxc6+ Rxc6 25. Rac1 1/2-1/2

[Event "26th WSCC 2016 Open 65+"]
[Site "Marianske Lazne, Czech Republic - Hotel Cristal and Continental"]
[Date "2016.11.27"]
[Round "8.9"]
[White "Van Riemsdijk, Herman C"]
[Black "Zhelnin, Vladimir V"]
[Result "1/2-1/2"]
[WhiteElo "2309"]
[BlackElo "2453"]
[PlyCount "66"]
[EventDate "2016.??.??"]
[WhiteClock "1:02:11"]
[BlackClock "0:10:06"]

1. d4 Nf6 2. c4 g6 3. Nc3 Bg7 4. e4 d6 5. Be2 O-O 6. Bg5 Nbd7 7. Qd2 c6 8. Nf3
d5 9. exd5 cxd5 10. O-O dxc4 11. Bxc4 Nb6 12. Bb3 Nbd5 13. Nxd5 Nxd5 14. Bh6
Be6 15. Rfe1 Qd6 16. Bxg7 Kxg7 17. Ng5 Bf5 18. Bxd5 Qxd5 19. Rxe7 Rae8 20. Rae1
Rxe7 21. Rxe7 h6 22. Nf3 Rc8 23. h3 Qxa2 24. d5 Rd8 25. Qd4+ Kg8 26. d6 Qb1+
27. Kh2 Qd3 28. Qe5 Qc2 29. Re8+ Rxe8 30. Qxe8+ Kg7 31. Ne5 Be6 32. d7 Qf5 33.
d8=Q Qf4+ 1/2-1/2

[Event "26th WSCC 2016 Open 65+"]
[Site "Marianske Lazne, Czech Republic - Hotel Cristal and Continental"]
[Date "2016.11.27"]
[Round "8.10"]
[White "Birnboim, Nathan"]
[Black "Karlik, Vladimir"]
[Result "1/2-1/2"]
[WhiteElo "2365"]
[BlackElo "2217"]
[PlyCount "99"]
[EventDate "2016.??.??"]
[WhiteClock "0:02:28"]
[BlackClock "0:01:06"]

1. d4 g6 2. c4 Bg7 3. Nc3 d6 4. g3 Nd7 5. Bg2 e5 6. Nf3 Ne7 7. O-O O-O 8. e4
exd4 9. Nxd4 Nc6 10. Nde2 Nc5 11. Be3 a5 12. b3 a4 13. Rb1 axb3 14. axb3 f5 15.
b4 Nxe4 16. Nxe4 fxe4 17. Bxe4 Kh8 18. Nf4 Ne5 19. Bd4 c6 20. Ra1 Bg4 21. f3
Bd7 22. Rxa8 Qxa8 23. Qd2 Qe8 24. Qc3 Qe7 25. Nd3 Nxd3 26. Qxd3 Bf5 27. Bxf5
Rxf5 28. Kg2 Bxd4 29. Qxd4+ Kg8 30. Qa1 Re5 31. Rf2 d5 32. b5 dxc4 33. bxc6
bxc6 34. Qa2 Qe6 35. Rc2 Re3 36. Qxc4 Qxc4 37. Rxc4 Re6 38. h4 h5 39. Rc5 Kf7
40. f4 Kf6 41. Kf3 Rd6 42. Ke3 Re6+ 43. Kd4 Rd6+ 44. Kc4 Re6 45. Rg5 Re3 46.
Kd4 Ra3 47. Ke4 Rb3 48. Rc5 Rxg3 49. Rxc6+ Kg7 50. f5 1/2-1/2

[Event "26th WSCC 2016 Open 65+"]
[Site "Marianske Lazne, Czech Republic - Hotel Cristal and Continental"]
[Date "2016.11.27"]
[Round "8.11"]
[White "Pritchett, Craig W"]
[Black "Kierzek, Matthias"]
[Result "1/2-1/2"]
[WhiteElo "2338"]
[BlackElo "2189"]
[PlyCount "53"]
[EventDate "2016.??.??"]
[WhiteClock "0:05:38"]
[BlackClock "0:13:38"]

1. e4 c6 2. d4 d5 3. e5 Bf5 4. Nf3 e6 5. Be2 Nd7 6. O-O Bg6 7. a4 Nh6 8. a5 a6
9. c4 Nf5 10. Nc3 Be7 11. g4 Nh4 12. Nxh4 Bxh4 13. f4 f5 14. exf6 Nxf6 15. g5
Ne4 16. Bh5 Nd6 17. cxd5 cxd5 18. Qg4 Nf5 19. Bxg6+ hxg6 20. Qd1 Qc7 21. Qd2
Rc8 22. Rd1 Qc4 23. Ra4 Qb3 24. Ra3 Qb4 25. Ne2 Qb5 26. Nc3 Qb4 27. Ne2 1/2-1/2

[Event "26th WSCC 2016 Open 65+"]
[Site "Marianske Lazne, Czech Republic - Hotel Cristal and Continental"]
[Date "2016.11.27"]
[Round "8.12"]
[White "Malmdin, Nils-Ake"]
[Black "Rooze, Jan"]
[Result "1/2-1/2"]
[WhiteElo "2182"]
[BlackElo "2335"]
[PlyCount "87"]
[EventDate "2016.??.??"]
[WhiteClock "0:26:05"]
[BlackClock "0:29:25"]

1. e4 d6 2. d4 Nf6 3. Nc3 g6 4. f4 Bg7 5. a3 O-O 6. Nf3 Na6 7. Bd3 c5 8. d5 Nc7
9. Qe2 a6 10. a4 Bg4 11. h3 Bxf3 12. Qxf3 b5 13. O-O c4 14. Be2 e6 15. dxe6
fxe6 16. axb5 axb5 17. Be3 Nd7 18. Rfd1 Qe7 19. g3 Ne5 20. Qg2 Nc6 21. Qf2 Kh8
22. Kh2 Rxa1 23. Rxa1 e5 24. Nd5 Nxd5 25. exd5 Nd4 26. Bxd4 exd4 27. Bg4 h5 28.
Be6 h4 29. Kg2 hxg3 30. Qxg3 Qf6 31. Rf1 b4 32. f5 b3 33. cxb3 c3 34. bxc3 dxc3
35. Rf2 g5 36. Qg4 Bh6 37. Qh5 Rb8 38. Ra2 Rb7 39. Ra8+ Kh7 40. Qe8 Bg7 41.
Qh5+ Bh6 42. Qe8 Bg7 43. Qh5+ Bh6 44. Qe8 1/2-1/2

[Event "26th WSCC 2016 Open 65+"]
[Site "Marianske Lazne, Czech Republic - Hotel Cristal and Continental"]
[Date "2016.11.27"]
[Round "8.13"]
[White "Jorgensen, Jorgen"]
[Black "Neckar, Lubomir"]
[Result "0-1"]
[WhiteElo "2217"]
[BlackElo "2319"]
[PlyCount "48"]
[EventDate "2016.??.??"]
[WhiteClock "0:19:37"]
[BlackClock "0:08:08"]

1. Nf3 d5 2. g3 e6 3. Bg2 Nf6 4. d4 Be7 5. c4 O-O 6. O-O b6 7. Ne5 Bb7 8. Nc3
Na6 9. b3 Rb8 10. Bb2 c5 11. e3 cxd4 12. exd4 Nc7 13. Qe2 Re8 14. Rfd1 Bf8 15.
Rac1 Nd7 16. a4 a6 17. cxd5 exd5 18. Qf3 Nxe5 19. dxe5 Rxe5 20. Nb5 Re7 21. Nd4
Ne6 22. Nc6 Bxc6 23. Rxc6 d4 24. Qf4 Nxf4 0-1

[Event "26th WSCC 2016 Open 65+"]
[Site "Marianske Lazne, Czech Republic - Hotel Cristal and Continental"]
[Date "2016.11.27"]
[Round "8.14"]
[White "Gal, Moshe"]
[Black "Kelleher, William"]
[Result "1/2-1/2"]
[WhiteElo "2150"]
[BlackElo "2292"]
[PlyCount "83"]
[EventDate "2016.??.??"]
[WhiteClock "0:20:35"]
[BlackClock "0:01:23"]

1. d4 d5 2. Bf4 Nf6 3. e3 Bf5 4. c4 c6 5. Nc3 dxc4 6. Bxc4 e6 7. Nf3 h6 8. h3
Nbd7 9. O-O Be7 10. Qe2 Ne4 11. Nxe4 Bxe4 12. Nd2 Bg6 13. Bd3 Bxd3 14. Qxd3 O-O
15. Nc4 Nb6 16. e4 Nxc4 17. Qxc4 Rc8 18. Rfd1 Qb6 19. Rac1 Rfd8 20. d5 cxd5 21.
Qxc8 Rxc8 22. Rxc8+ Kh7 23. exd5 exd5 24. Rc7 Qe6 25. Rxb7 Bc5 26. Be3 d4 27.
Rxd4 Bxd4 28. Bxd4 Qd5 29. Rb4 Qxa2 30. Bc3 a5 31. Rg4 f6 32. Rg3 a4 33. Re3 h5
34. h4 Qc4 35. g3 Kg6 36. Kg2 Qd5+ 37. Kh2 Kf5 38. Kg1 Qd1+ 39. Kg2 Qd5+ 40.
Kg1 Qd1+ 41. Kg2 Qd5+ 42. Kg1 1/2-1/2

[Event "26th WSCC 2016 Open 65+"]
[Site "Marianske Lazne, Czech Republic - Hotel Cristal and Continental"]
[Date "2016.11.27"]
[Round "8.15"]
[White "Karmov, Mazhmudin"]
[Black "Shvedchikov, Anatoli I"]
[Result "0-1"]
[WhiteElo "2122"]
[BlackElo "2281"]
[PlyCount "98"]
[EventDate "2016.??.??"]
[WhiteClock "0:05:29"]
[BlackClock "0:03:52"]

1. e4 c5 2. Nf3 Nc6 3. d4 cxd4 4. Nxd4 g6 5. Nc3 Bg7 6. Be3 Nf6 7. Bc4 Qa5 8.
O-O d6 9. h3 O-O 10. Bb3 Bd7 11. Nde2 Qc7 12. Nd5 Nxd5 13. exd5 Ne5 14. Bd4 b5
15. Re1 Rfe8 16. a4 a6 17. Nc3 Rab8 18. axb5 axb5 19. Ra7 Rb7 20. Ra2 Nc4 21.
Bxg7 Kxg7 22. Qd4+ Kg8 23. Ne4 Qb6 24. Qc3 Ne5 25. Qd2 Bxh3 26. Ra6 Qxa6 27.
Qh6 Qa7 28. Qxh3 Kg7 29. Kf1 Qd4 30. g4 Nxg4 31. c3 Qe5 32. Qxg4 f5 33. Qf3
fxe4 34. Rxe4 Rf8 35. Qe3 Qh2 36. Rxe7+ Rxe7 37. Qxe7+ Rf7 38. Qe3 Qh1+ 39. Ke2
Qh4 40. Kf1 Re7 41. Qf3 Qe4 42. Qxe4 Rxe4 43. f3 Re7 44. Bc2 Ra7 45. Bd3 Ra1+
46. Kf2 Ra2 47. Bxb5 Rxb2+ 48. Be2 Kf6 49. Ke3 Ke5 0-1

[Event "26th WSCC 2016 Open 65+"]
[Site "Marianske Lazne, Czech Republic - Hotel Cristal and Continental"]
[Date "2016.11.27"]
[Round "8.16"]
[White "Janda, Zdenek"]
[Black "Pribyl, Josef"]
[Result "1/2-1/2"]
[WhiteElo "2114"]
[BlackElo "2252"]
[PlyCount "40"]
[EventDate "2016.??.??"]
[WhiteClock "0:43:42"]
[BlackClock "0:44:49"]

1. d4 Nf6 2. Nf3 d5 3. Bf4 c5 4. e3 Nc6 5. c3 e6 6. Bd3 Qb6 7. Qc1 Nh5 8. Bg3
Nxg3 9. hxg3 g6 10. Nbd2 Bg7 11. dxc5 Qxc5 12. e4 O-O 13. Ng5 h6 14. Nb3 Qd6
15. Nf3 Rd8 16. Qe3 a5 17. a4 e5 18. exd5 Qxd5 19. Bc2 Bg4 20. O-O Rac8 1/2-1/2

[Event "26th WSCC 2016 Open 65+"]
[Site "Marianske Lazne, Czech Republic - Hotel Cristal and Continental"]
[Date "2016.11.27"]
[Round "8.17"]
[White "Okhotnik, Vladimir"]
[Black "Vitek, Vaclav"]
[Result "1-0"]
[WhiteElo "2434"]
[BlackElo "1999"]
[PlyCount "69"]
[EventDate "2016.??.??"]
[WhiteClock "0:10:59"]
[BlackClock "0:24:15"]

1. e4 c6 2. d4 d5 3. e5 Bf5 4. Nf3 e6 5. Be3 Nd7 6. Nbd2 Be7 7. Be2 f6 8. O-O
Qc7 9. Nb3 Be4 10. exf6 gxf6 11. c4 Nb6 12. Nbd2 Bg6 13. b3 Ba3 14. g3 Bb2 15.
Bf4 Qg7 16. Rb1 Bxb1 17. Qxb1 Bc3 18. Re1 Ne7 19. Bf1 Ng6 20. Rxe6+ Kf7 21. Qe1
Rhe8 22. Rxe8 Rxe8 23. Be3 Kg8 24. Qc1 Bxd2 25. Qxd2 Qe7 26. Bd3 Qf7 27. Qc2
Kg7 28. h4 Nc8 29. h5 Nf8 30. g4 Nd6 31. Nh4 Kh8 32. c5 Ne4 33. Nf5 Qg8 34. Qe2
Ng5 35. Bxg5 1-0

[Event "26th WSCC 2016 Open 65+"]
[Site "Marianske Lazne, Czech Republic - Hotel Cristal and Continental"]
[Date "2016.11.27"]
[Round "8.19"]
[White "Shevelev, Arkady"]
[Black "Sprotte, Norbert"]
[Result "1-0"]
[WhiteElo "2283"]
[BlackElo "2196"]
[PlyCount "79"]
[EventDate "2016.??.??"]
[WhiteClock "0:42:16"]
[BlackClock "0:03:57"]

1. e4 e6 2. d4 d5 3. Nd2 Nc6 4. Ngf3 Nf6 5. e5 Nd7 6. Nb3 a5 7. a4 Be7 8. Bb5
Na7 9. Bd3 c5 10. dxc5 Nxc5 11. Nxc5 Bxc5 12. O-O Nc6 13. c3 h6 14. Qe2 Bd7 15.
Be3 b6 16. Bb5 O-O 17. Bxc6 Bxc6 18. Nd4 Qd7 19. Qg4 Kh7 20. b4 axb4 21. cxb4
Bxd4 22. Bxd4 Rxa4 23. Rxa4 Bxa4 24. Bxb6 Bb5 25. Ra1 Qb7 26. Bc5 Ra8 27. Re1
Bd3 28. h4 Qb5 29. Qf4 Kg8 30. Rc1 Qa4 31. Bd6 Bc4 32. Kh2 Qb5 33. Rc3 Bd3 34.
h5 Bf5 35. g4 Qf1 36. Rc1 Qe2 37. gxf5 Qxh5+ 38. Kg2 exf5 39. Rh1 Qe2 40. Qxf5
1-0

[Event "26th WSCC 2016 Open 65+"]
[Site "Marianske Lazne, Czech Republic - Hotel Cristal and Continental"]
[Date "2016.11.27"]
[Round "8.20"]
[White "Lederman, Leon"]
[Black "Kolbak, Jens"]
[Result "1-0"]
[WhiteElo "2280"]
[BlackElo "2189"]
[PlyCount "119"]
[EventDate "2016.??.??"]
[WhiteClock "0:08:46"]
[BlackClock "0:14:17"]

1. e4 e5 2. Nf3 Nc6 3. Bb5 a6 4. Ba4 Nf6 5. d3 d6 6. c3 Be7 7. Nbd2 O-O 8. Nf1
b5 9. Bb3 d5 10. Qe2 dxe4 11. dxe4 h6 12. Ng3 Re8 13. O-O Bf8 14. a4 Na5 15.
Bc2 Bd7 16. Rd1 Qc8 17. Nd2 c5 18. Ndf1 c4 19. Ne3 Nb7 20. Qf3 Nc5 21. Ngf5
Bxf5 22. Nxf5 Re6 23. Be3 Nxa4 24. Bxa4 bxa4 25. Rxa4 Qc6 26. Rda1 Nxe4 27. Qe2
Nf6 28. Qxc4 Qd7 29. Ng3 Qb7 30. Qe2 Rc6 31. h4 Nd5 32. h5 Nf6 33. Qf3 Rac8 34.
R1a2 Qb5 35. Qf5 Rd8 36. Qc2 Re6 37. c4 Qb7 38. c5 Nd5 39. Rc4 Qb5 40. Bd2 Nc7
41. Ba5 Rc8 42. Bxc7 Rxc7 43. b4 Qd7 44. Nf5 Rcc6 45. Ne3 Be7 46. Ra1 Bg5 47.
Rd1 Qe8 48. Nf5 g6 49. hxg6 Rxg6 50. Rd6 Be7 51. Rxc6 Rxc6 52. Rg4+ Kh8 53. Re4
Bf8 54. Qc3 f6 55. Qh3 Kh7 56. Nd4 Rc7 57. Ne6 Rf7 58. Qf5+ Kh8 59. Rg4 Qe7 60.
Qg6 1-0